The Science reader's companion /

সংরক্ষণ করুন:
গ্রন্থ-পঞ্জীর বিবরন
প্রধান লেখক: Speck, G. E.
অন্যান্য লেখক: Boltz, Cecil Leonard
বিন্যাস: গ্রন্থ
ভাষা:English
প্রকাশিত: Lond. : Ward, Lock, 1954.
বিষয়গুলি:
LEADER 00823nam a2200217 i 4500
001 c000311861
003 CARM
005 00000000000000.0
008 870907s1954 00000 eng d
019 1 |a 10407540  |5 LACONCORD2021 
035 |a (OCoLC)11233485  |5 LACONCORD2021 
100 1 |a Speck, G. E. 
245 1 4 |a The Science reader's companion /  |c Contributors: C.L. Boltz... <and others.> ; Ed. by G.E. Speck. 
260 |a Lond. :  |b Ward, Lock,  |c 1954. 
300 |a :  |b Illus., tables ;  |c 19 1/2 cm. 
650 0 |a Science  |x Dictionaries. 
700 1 0 |a Boltz, Cecil Leonard. 
852 8 |b CARM  |h A3:AD19A0  |i A05479  |p 0472847  |f BK 
082 0 4 |a 503 
999 f f |i 3540d65a-3494-501a-b266-bcb7876a5428  |s 15e0bbcc-09b7-5c7e-bda8-b73b3e5909b9 
952 f f |p Can circulate  |a CAVAL  |b CAVAL  |c CAVAL  |d CARM 1 Store  |e A05479  |f A3:AD19A0  |h Other scheme  |i book  |m 0472847